Statistiken für Von Jet zu Punk

Klicken Sie hier um das Quiz zu spielen!

Allgemein

  • Dieses Quiz wurde 189 mal gespielt
  • Das Durchschnittsergebnis liegt bei 22 aus 27

Antwortstatistiken

WortBeschreibung / Hinweis% Korrekt
BaliTouristeninsel Indonesiens
96%
BildGemälde
94%
ich willIndikativ Präsens "wollen"
94%
WaldForst
94%
baldin kurzer Zeit
90%
Ballfestliche Tanzveranstaltung
90%
MaulMund eines Tieres
90%
Taudickes Seil
90%
wildungebändigt
89%
BadZimmer zur Körperpflege
88%
barmit Münzen und Scheinen zahlen
86%
Lausläuft einem sprichwörtlich über die Leber
86%
Radein Auto hat 4
86%
WallVerschanzung, Erdaufschüttung
86%
rarselten
85%
Ratan jmd. gerichteter Hinweis
85%
Mauskleines meist graues Säugetier
84%
Tatbewusste Handlung
84%
RaubDiebstahl
83%
LaubBlätter eines Baums
82%
PaulVorname von Walker (Schauspieler)
82%
rauGegenteil von glatt (-1 Buchstaben)
82%
faulverdorben
75%
Fallbestimmte Angelegenheit (Gericht, Medizin)
59%
WalzGesellenwanderung
57%
FalzStelle, an der Papier scharfkantig gefaltet ist
54%
Salzweißes Gold
53%

Verteilung der Resultate

Perzentil nach korrekt beantworteten Fragen

Anzahl Personen mit jedem Resultat

Ihre Resultats-Entwicklung

Sie haben dieses Quiz noch nicht gespielt